01704cam a22002534a 450000100090000000300040000900500170001300800410003001000170007102000220008804000170011004200080012705000150013508200120015024500900016225000120025226000510026430000260031550400510034150509860039265000280137870000240140670000200143012569502OSt20230807154347.0011026s2002 nyu b 001 0 eng  a 2001054847 a0273655833 (pbk.) aDLCcLCdDLC apcc00aHF5625.C7400a65722100aComparative international accounting /c[edited by] Christopher Nobes, Robert Parker. a7th ed. aHarlow:bFinancial Times/Prentice-Hall,c2002. axix, 593 p. ;c25 cm. aIncludes bibliographical references and index. aContents: Context of international accounting: Introduction -- Causes of international differences -- Some major international differences in financial reporting -- International classification of financial reporting -- International harmonization of accounting -- The requirements of International Accounting standards -- Country sides: Financial reporting in the United Kingdom -- Financial reporting in the United States -- Financial reporting in the Netherlands -- Financial reporting in France -- Financial reporting in Germany -- Financial reporting in Japan -- Financial reporting in nine other important countries -- Financial reporting in Central and Eastern Europe and in China -- Issues in international accounting: Liabilities -- Consolidation -- Foreign currency translation -- Segment reporting -- Analysis and management issues: International financial analysis -- International auditing -- International aspects of corporate income taxes -- Managerial accounting -  0aComparative accounting.1 aNobes, Christopher.1 aParker, Robert.